Регионална библиотека "Любен Каравелов" - Русе

Приказки за годишните времена (Запис номер 190303)

MARC детайли
000 -Лидер
Контролно поле с фиксирана дължина 01676nam a2200397 c 4500
003 - Код на организацията, давaща контролен номер
Контролно поле BLK
005 - Дата и час на последна редакция
Контролно поле 20250314100142.0
008 - Елементи от данни с фиксирана дължина
fixed length control field 180411b bul|||||r ||||||| ||bul||
010 ## - Наследен системен номер
LC control number KNG00199438000
020 ## - Международен стандартен номер на книга ISBN
Международен стандартен номер на книга ISBN 978-619-704-058-6
-- издат.: Светлана Янчева - Изида
040 ## - Източник на каталожния запис
Идентификатор на билиотеката - собственик на записа BLK
041 ## - Код за език
Код за езика на текст/звукозапис или на отделно заглавие Български
Код за езика КДБФ Български
072 #7 - Код за тематичната категория
Код организация bullib
Код за тематична категория Н85
Текст Детска художествена литература Н
080 ## - УДК
Текстов определител УДК Македонска литература
УДК код - определител по УДК 821.163.3
УДК определител -93-34
УДК - код + определител 821.163.3-93-34
100 1# - Редна дума - Автор
Автор Донев, Киро
Авторска отговорност първи автор
R(LIN) 345116
139 ## - Редно поле
Редна дума Донев, Киро
Авторски знак Дон - Д 77
245 10 - Сведения за заглавието
Заглавие Приказки за годишните времена
Редно поле (дума) Киро Донев; ил. Яна Попова; ил. Александър Каевски; прев. Деница Дабижева.
257 ## - Страна на издаване
Страна на създаване/издаване Македония
260 ## - Област на издателските данни
-- София
Име на издателя, разпространителя и проч. Светлана Янчева - Изида
Година на издаване 2016
300 ## - Физическа характеристика
Страници 64 с.
Илюстрации и др. с цв. ил.
Размери/Мащаб 24 см
380 ## - Жанр
Жанр Детска худож. лит.
500 ## - Общи забележки
Забележка Ориг. загл. Ден по ден - година / Киро Донев.
653 ## - Ключова дума – ненормативна
Ключова дума приказки
653 ## - Ключова дума – ненормативна
Ключова дума литература за деца
653 ## - Ключова дума – ненормативна
Ключова дума детска литература
659 ## - Тематичен бюлетин
Тематичен бюлетин Н
700 1# - Други автори (авторска отговорност)
Лично име Попова, Яна
Автороска отговорност (Описва отношението между автора и произведението) ил.
9 (RLIN) 375126
700 1# - Други автори (авторска отговорност)
Лично име Каевски, Александър
Автороска отговорност (Описва отношението между автора и произведението) ил.
9 (RLIN) 74759
700 1# - Други автори (авторска отговорност)
Лично име Дабижева, Деница
Автороска отговорност (Описва отношението между автора и произведението) прев.
9 (RLIN) 57831
852 ## - Местоположение
Форматна сигнатура Цб 284134
856 4# - Електронен адрес и достъп
Електронен формат pdf - файл
Път до файла /url/
856 4# - Електронен адрес и достъп
Електронен формат pdf - файл
Път до файла /url/
942 ## - АРТИКУЛИ
Вид на библиотечния материал Книги
Скрит в OPAC Не
Koha issues (borrowed), all copies 34
944 ## - СЪЗДАВАНЕ И РЕДАКЦИЯ на ЗАПИСА
Създаване/Редакция Създаване
Дата на регистрацията/редакция 27.01.2017
Статус, дата на статуса Анна Гръцманова
Служител, извършил регистрацията/редакцията 30564
944 ## - СЪЗДАВАНЕ И РЕДАКЦИЯ на ЗАПИСА
Създаване/Редакция Редакция
Дата на регистрацията/редакция 13.02.2017
Статус, дата на статуса ф /
Служител, извършил регистрацията/редакцията Людмила_Стоянова
999 ## - СИСТЕМНИ КОНТРОЛНИ НОМЕРА
Koha biblionumber 190303
Koha biblioitemnumber 190303
Наличности
Код за отписване Код за изгубен артикул Код за повреда Коз за рестрикции Код за отдаване Артикулен № Име на библиотеката - собственик Име на библиотеката, в която се намира в момента Статус (Текущо местоположение) Дата на вписване в системата Местоположение - отдел Цена в лева Инвентарен номер Систематично азбучна сигнатура Баркод Номер на екземпляра Цена в евро Служебна бележка Служебен тип на артикула Източник на класификационната схема
  Не е изгубен Не е повреден без рестрикции заемане за дома 334826 Регионална библиотека "Любен Каравелов" Русе Регионална библиотека "Любен Каравелов" Русе Детски отдел 2017-01-27 Детски отдел 6.00 120000808029 ДХ 820/899/Д 77 120000808029 1 3.07 Дост: Pk Вид: Ф N: 481 Дата: 27.01.2017 Книги  
  Не е изгубен Не е повреден без рестрикции заемане за дома 334827 Регионална библиотека "Любен Каравелов" Русе Регионална библиотека "Любен Каравелов" Русе Детски отдел 2017-01-27 Детски отдел 6.00 120000808030 ДХ 820/899/Д 77 120000808030 2 3.07 Дост: Pk Вид: Ф N: 481 Дата: 27.01.2017 Книги  
  Не е изгубен Не е повреден   заемане за дома 708905 Регионална библиотека "Любен Каравелов" Русе Регионална библиотека "Любен Каравелов" Русе Детски отдел 2019-05-21 Детски отдел 6.60   ДХ 820/899/Д 77 120000831790   3.37   Книги Universal Decimal Classification
Vip Innovations Ltd, Rousse, Bulgaria 2025